El baile /

Guardado en:
Formato: Libro
Publicado: Buenos Aires : La Estación, La Estación, 2012.buenos Aires : 2012.
Series:Narrativa Ucraniana
Materias:
Etiquetas: Agregar Etiqueta
Sin Etiquetas, Sea el primero en etiquetar este registro!
LEADER 00592nam a22001815a 4500
001 CEM.cems018689
005 20190408103548.0
008 130507s2012##################000#0#####d
003 CEMS
020 |a 9789871652983 
082 0 4 |a 891.7 
245 0 0 |a El baile /  |c Irene Nemirovsky 
260 |a Buenos Aires :  |b La Estación,  |c 2012.buenos Aires :  |b La Estación,  |c 2012. 
300 |a 93p. ; 20cm. 
490 0 |a Narrativa Ucraniana 
600 1 4 |a Nemirovsky, Irene 
653 |a Literatura juvenil / literatura ucraniana / narrativa ucraniana 
859 |a CEMS  |b BIB. CEMS - Agricultura  |h 891.7  |i N344  |p A3147.18  |t Ej.1